The will to live (Record no. 44919)
[ view plain ]
| 000 -LEADER | |
|---|---|
| fixed length control field | 00509nam a2200217Ia 4500 |
| 003 - CONTROL NUMBER IDENTIFIER | |
| control field | 0100 |
| 008 - FIXED-LENGTH DATA ELEMENTS--GENERAL INFORMATION | |
| fixed length control field | 130303s9999 xx 000 0 und d |
| 020 ## - INTERNATIONAL STANDARD BOOK NUMBER | |
| International Standard Book Number | 0804468478 |
| 040 ## - CATALOGING SOURCE | |
| Transcribing agency | ARRUPELIB |
| 050 ## - LIBRARY OF CONGRESS CALL NUMBER | |
| Classification number | B3108.T35 |
| 300 ## - PHYSICAL DESCRIPTION | |
| Other physical details | 17cm |
| 245 #4 - TITLE STATEMENT | |
| Title | The will to live |
| 245 ## - TITLE STATEMENT | |
| Remainder of title | selected writings of Arthur Schopenhauer |
| 260 ## - PUBLICATION, DISTRIBUTION, ETC. (IMPRINT) | |
| Place of publication, distribution, etc | New York |
| 260 ## - PUBLICATION, DISTRIBUTION, ETC. (IMPRINT) | |
| Name of publisher, distributor, etc | A Frederick Ungar Book |
| 260 ## - PUBLICATION, DISTRIBUTION, ETC. (IMPRINT) | |
| -- | 1962 |
| 300 ## - PHYSICAL DESCRIPTION | |
| Extent | 365p. |
| 650 ## - SUBJECT ADDED ENTRY--TOPICAL TERM | |
| Topical term or geographic name as entry element | PHILOSOPHY |
| 700 ## - ADDED ENTRY--PERSONAL NAME | |
| Personal name | Taylor, Richard (ed.) |
| 942 00 - ADDED ENTRY ELEMENTS (KOHA) | |
| Koha issues (borrowed), all copies | 9 |
| Withdrawn status | Lost status | Source of classification or shelving scheme | Damaged status | Not for loan | Home library | Current library | Shelving location | Date acquired | Total Checkouts | Full call number | Barcode | Date last seen | Date checked out | Copy number | Price effective from | Koha item type |
|---|---|---|---|---|---|---|---|---|---|---|---|---|---|---|---|---|
| Library of Congress Classification | ARRUPE LIBRARY | ARRUPE LIBRARY | 04/03/2013 | 1 | B3108.T35 | 46003009366 | 28/04/2015 | 23/04/2015 | 1 | 04/03/2013 | Monograph ( Printed materials) | |||||
| Library of Congress Classification | ARRUPE LIBRARY | ARRUPE LIBRARY | 01/09/2014 | 8 | B3108.T35 | 46003009367 | 13/05/2015 | 27/04/2015 | 01/09/2014 | Monograph ( Printed materials) |